El espíritu de Córdoba / (Record no. 124701)
[ view plain ]
| 000 -CABECERA | |
|---|---|
| campo de control de longitud fija | 00746nam a2200229 a 4500 |
| 005 - FECHA Y HORA DE LA ÚLTIMA TRANSACCIÓN | |
| campo de control | 20220528063453.0 |
| 008 - ELEMENTOS DE LONGITUD FIJA--INFORMACIÓN GENERAL | |
| campo de control de longitud fija | 071004s1998 mx r 000 0 spa d |
| 020 ## - NÚMERO INTERNACIONAL NORMALIZADO PARA LIBROS | |
| Número Internacional Estándar del Libro | 9684064667 |
| 035 ## - NÚMERO DE CONTROL DEL SISTEMA | |
| Número de control de sistema | UPN01000152578 |
| 049 ## - COLECCIÓN | |
| Colección | CG |
| 050 #4 - SIGNATURA TOPOGRÁFICA DE LA BIBLIOTECA DEL CONGRESO | |
| Número de clasificación | PQ7298.1 N5.7 |
| Número de documento/Ítem | E7.6 |
| 100 1# - ASIENTO PRINCIPAL--NOMBRE PERSONAL | |
| Nombre de persona | Antaki, Ikram, |
| Fechas asociadas al nombre | 1948-2000 |
| 9 (RLIN) | 28728 |
| 245 13 - MENCIÓN DE TÍTULO | |
| Título | El espíritu de Córdoba / |
| Mención de responsabilidad, etc. | Ikram Antaki. |
| 260 ## - PUBLICACIÓN, DISTRIBUCIÓN, ETC. | |
| Lugar de publicación, distribución, etc. | México : |
| Nombre del editor, distribuidor, etc. | Planeta, |
| Fecha de publicación, distribución, etc. | 1998. |
| 300 ## - DESCRIPCIÓN FÍSICA | |
| Extensión | 337 p. |
| 440 #0 - MENCIÓN DE SERIE/ASIENTO SECUNDARIO--TÍTULO | |
| Título | Grandes narradores |
| 500 ## - NOTA GENERAL | |
| Nota general | "Visión novelada de la cultura árabe-judía y su profunda concepción del hombre y del mundo" |
| 600 04 - ASIENTO SECUNDARIO DE MATERIA - NOMBRE PERSONAL | |
| Nombre de persona | AVERROES, |
| Fechas asociadas al nombre | 1126-1198 |
| 600 14 - ASIENTO SECUNDARIO DE MATERIA - NOMBRE PERSONAL | |
| Nombre de persona | MAIMONIDES, MOSES BEN MAIMON, |
| Fechas asociadas al nombre | 1135-1204 |
| 9 (RLIN) | 8262 |
| 650 #4 - ASIENTO SECUNDARIO DE MATERIA - TERMINO TEMATICO | |
| Término de materia o nombre geográfico como elemento de entrada | Literatura mexicana |
| Subdivisión cronológica | Siglo XX |
| 9 (RLIN) | 5344 |
| 905 ## - TIPO DE MATERIAL | |
| Tipo de material | Libro |
| Estado de retiro | Estado de pérdida | Fuente del sistema de clasificación o colocación | Estado dañado | No para préstamo | Código de colección | Localización permanente | Ubicación/localización actual | Ubicación en estantería | Total de préstamos | Clasificación | Código de barras | Fecha visto por última vez | Número de copia | Tipo de ítem Koha |
|---|---|---|---|---|---|---|---|---|---|---|---|---|---|---|
| Library of Congress Classification | Colección General | Bib. Gregorio Torres Quintero | Bib. Gregorio Torres Quintero | Planta baja | 3 | PQ7298.1 N5.7 E7.6 | 252301 | 31/12/2020 | 1 | Libro |
